000 00564nam a2200217Ia 4500
003 OSt
005 20220928144958.0
006 a|||||r|||| 00| 0
007 ta
008 220927b |||||||| |||| 00| 0 eng d
024 _a77729
037 _cTextual
040 _aSDCL
_cSDCL
_beng
041 _2eng
_aeng
082 _aR39(C16), M1
100 _aDenyer Nicholas
_9510862
245 0 _aTime, action and necessity
_b A Proof of free will.
260 _c1981
942 _hR39(C16), M1
_cTEXL
_2CC
999 _c831055
_d831055